<?xml version="1.0" encoding="UTF-8"?><?xml-stylesheet type="text/xsl" href="static/style.xsl"?><OAI-PMH xmlns="http://www.openarchives.org/OAI/2.0/" xmlns:xsi="http://www.w3.org/2001/XMLSchema-instance" xsi:schemaLocation="http://www.openarchives.org/OAI/2.0/ http://www.openarchives.org/OAI/2.0/OAI-PMH.xsd"><responseDate>2026-04-13T04:55:40Z</responseDate><request verb="GetRecord" identifier="oai:www.recercat.cat:10256/16737" metadataPrefix="marc">https://recercat.cat/oai/request</request><GetRecord><record><header><identifier>oai:recercat.cat:10256/16737</identifier><datestamp>2024-05-22T11:20:24Z</datestamp><setSpec>com_2072_452966</setSpec><setSpec>com_2072_2054</setSpec><setSpec>col_2072_452968</setSpec></header><metadata><record xmlns="http://www.loc.gov/MARC21/slim" xmlns:dcterms="http://purl.org/dc/terms/" xmlns:xsi="http://www.w3.org/2001/XMLSchema-instance" xmlns:doc="http://www.lyncode.com/xoai" xsi:schemaLocation="http://www.loc.gov/MARC21/slim http://www.loc.gov/standards/marcxml/schema/MARC21slim.xsd">
   <leader>00925njm 22002777a 4500</leader>
   <datafield ind2=" " ind1=" " tag="042">
      <subfield code="a">dc</subfield>
   </datafield>
   <datafield ind2=" " ind1=" " tag="720">
      <subfield code="a">Gómez Fernández, Paula</subfield>
      <subfield code="e">author</subfield>
   </datafield>
   <datafield ind2=" " ind1=" " tag="260">
      <subfield code="c">2018-11</subfield>
   </datafield>
   <datafield ind2=" " ind1=" " tag="520">
      <subfield code="a">BACKGROUND: Electrocardiogram is an easy tool to determinate left ventricular&#xd;
hypertrophy, but classical criteria have a low sensitivity. A new ECG criteria, Peguero-Lo&#xd;
Presti has demonstrated in patients with Hypertensive Heart Disease (HHD) that it is more&#xd;
sensible.&#xd;
Hypertrophic Cardiomyopathy (HCM) is characterized by an heterogenous clinical and&#xd;
phenotypic expression that it is responsible of the mayor number of deaths in young people&#xd;
due to its arrhythmogenic capacity and sudden cardiac death. Moreover, more of patients&#xd;
are asymptomatic in early phases of the disease which makes very necessary to determinate&#xd;
a very sensible marker of this disease to make an early diagnosis and avoid these fatal&#xd;
consequences.&#xd;
&#xd;
HYPOTHESES: Peguero-Lo Presti criteria is more sensible to detect HCM than Sokolow-&#xd;
Lyon voltage index. Moreover, due to the different hypertrophic pattern in HHD (concentric&#xd;
&#xd;
and symmetrical hypertrophy) and HCM (asymmetrical septal hypertrophy), Peguero-Lo&#xd;
Presti criteria could have a different expression reflected on the 12-lead ECG.&#xd;
OBJECTIVES: The main of this study is to determinate the sensitivity of Peguero-Lo Presti&#xd;
criteria in patients with HCM and evaluate the role of this criteria in the differential diagnosis&#xd;
between HHD and HCM.&#xd;
METHODS: A prospective analytic and observational case-control study will be designed.&#xd;
The case-group will be formed by 185 patients with HCM and the control-group will be formed&#xd;
by 185 patients with HHD. This study will be developed at Josep Trueta Hospital in Girona&#xd;
for the Cardiology Department for 2 years</subfield>
   </datafield>
   <datafield ind1="8" ind2=" " tag="024">
      <subfield code="a">http://hdl.handle.net/10256/16737</subfield>
   </datafield>
   <datafield tag="653" ind2=" " ind1=" ">
      <subfield code="a">Electrocardiografia</subfield>
   </datafield>
   <datafield tag="653" ind2=" " ind1=" ">
      <subfield code="a">Electrocardiography</subfield>
   </datafield>
   <datafield tag="653" ind2=" " ind1=" ">
      <subfield code="a">Cor -- Malalties -- Diagnòstic</subfield>
   </datafield>
   <datafield tag="653" ind2=" " ind1=" ">
      <subfield code="a">Heart -- Diseases -- Diagnosis</subfield>
   </datafield>
   <datafield tag="653" ind2=" " ind1=" ">
      <subfield code="a">Mort sobtada</subfield>
   </datafield>
   <datafield tag="653" ind2=" " ind1=" ">
      <subfield code="a">Sudden death</subfield>
   </datafield>
   <datafield ind2="0" ind1="0" tag="245">
      <subfield code="a">Role of Peguero Lo-Presti criteria in the differential diagnosis between hypertrophic cardiomyopathy and hypertensive heart disease</subfield>
   </datafield>
</record></metadata></record></GetRecord></OAI-PMH>